000 00613nam a22002177a 4500
003 UA-OsUOA
001 83016
007 ta
008 20120327b un ||||| |||| 00| 0 ukr d
100 _aВоробйов В.В.
090 _a94
_bВ75
942 _cSA
040 _aUA-OsUOA
_bukr
_cUA-OsUOA
_dUA-OsUOA
245 _aМісія Б. Франкліна та створення франко-американського союзу 1778 р.
300 _aС.29-33
955 _a0
041 _aukr
080 _a94
773 0 _w83011
650 7 _a9 Географія. Біографії. Історія
_2UDC
999 _c369353
_d369353